000 00633nam a2200229Ia 4500
003 OSt
005 20220928101659.0
006 a|||||r|||| 00| 0
007 ta
008 220927b |||||||| |||| 00| 0 eng d
024 _a58619
037 _cTextual
040 _aSDCL
_cSDCL
_beng
041 _2eng
_aeng
082 _aY48.44Q7'N8, M2
100 _aSen Anupam
_9393565
245 0 _aPolitical elites of Pakistan and other sociological essays
260 _aNew Delhi
_bHarnam Publications
_c1982
300 _a111p
_ccm.
942 _hY48.44Q7'N8, M2
_cTEXL
_2CC
999 _c709194
_d709194